|
|
|
|
| LEADER |
00000naa a2200000uu 4500 |
| 001 |
vtls010959820 |
| 003 |
SK-MaSNL |
| 005 |
20260302134913.0 |
| 008 |
210910|1997 xo |||||||||||||||||slo| |
| 015 |
|
|
|a SNBRA
|
| 035 |
|
|
|a (urnnbn)urn:nbn:sk:snk:ar-a0bqud
|
| 035 |
|
|
|a (uuid)030feb94-4748-48c1-ba5c-50db65b34a17
|
| 035 |
|
|
|a urn:nbn:sk:snk-aauij4
|
| 040 |
|
|
|a SNKBUCL
|b slo
|c SNKBUCL
|e AACR2
|
| 041 |
0 |
|
|a slo
|
| 044 |
|
|
|a xo
|c SK
|
| 100 |
1 |
|
|a Sulík, Ivan,
|d 1943-2021
|4 aut
|9 223328
|
| 245 |
1 |
0 |
|a Jonáš ZÁBORSKÝ
|b (3.2.1812 Záborie, o. Martin - 23.1.1876 Župčany, o. Prešov) Básnik, prozaik, dramatik, publicista, historik
|c Ivan Sulík
|
| 773 |
0 |
|
|t Sto slávnych Slovákov
|d Martin : Matica slovenská, 1997
|g S. [78]-79
|z 8070903937
|
| 958 |
|
|
|a OND
|
| 958 |
|
|
|a article11
|
| 958 |
|
|
|a chapter
|
| 999 |
|
|
|c 1324739
|d 1326669
|